Welcome to CU Library Online Public Access Catalogue (OPAC)

The how and why of Love: (Record no. 5422)

MARC details
000 -LEADER
fixed length control field 00458nam a22001577a 4500
005 - DATE AND TIME OF LATEST TRANSACTION
control field 20250411132923.0
008 - FIXED-LENGTH DATA ELEMENTS--GENERAL INFORMATION
fixed length control field 250411b |||||||| |||| 00| 0 eng d
020 ## - INTERNATIONAL STANDARD BOOK NUMBER
International Standard Book Number 9781876326456
050 ## - LIBRARY OF CONGRESS CALL NUMBER
Classification number BS680 .E84 HIL
Item number .E84 HIL
100 ## - MAIN ENTRY--PERSONAL NAME
Personal name Hill Michael
245 ## - TITLE STATEMENT
Title The how and why of Love:
Remainder of title An introduction to evangelical ethics
Statement of responsibility, etc. Michael Hill
260 ## - PUBLICATION, DISTRIBUTION, ETC.
Place of publication, distribution, etc. Australia
Name of publisher, distributor, etc. Matthias Media
Date of publication, distribution, etc. 2002
300 ## - PHYSICAL DESCRIPTION
Extent 278p.
Dimensions 22 cm
650 ## - SUBJECT ADDED ENTRY--TOPICAL TERM
Source of heading or term Theology
942 ## - ADDED ENTRY ELEMENTS (KOHA)
Source of classification or shelving scheme Library of Congress Classification
Koha item type Books
Suppress in OPAC No
999 ## -
-- 5422
-- 5422
Holdings
Withdrawn status Lost status Source of classification or shelving scheme Damaged status Not for loan Collection Home library Current library Shelving location Date acquired Total checkouts Full call number Barcode Date last seen Copy number Price effective from Koha item type
    Library of Congress Classification     Non-fiction Business Library (Miotso) Business Library (Miotso) General stacks 04/11/2025   BS680 .E84 HIL BSSM00001780 04/11/2025 1 04/11/2025 Books
    Library of Congress Classification     Non-fiction Undergraduate Library (Christ Temple) Undergraduate Library (Christ Temple) General stacks 06/25/2025   BS680.E84 HIL ulct00003519 06/25/2025 1 06/06/2025 Books
© 2023-2024 Copyright: Central University Libraries. All Rights Reserved | Created by: Mahone Tech Office